000
00345nam a2200145Ia 4500
008
240830s1901 xx 000 0 und d
041
_a
eng
082
_a
0 SAC
100
_a
SACHDEV K. V.
245
_a
CLINICAL PATHOLOGY AND CLINICAL BACTERIOLOGY
260
_b
N.D.
_c
1901
650
_a
PATHOLOGY
906
_a
N.D.
999
_c
1184511
_d
1184511